| 000 | 00877nam a22003017a 4500 | ||
|---|---|---|---|
| 001 | 0106 | ||
| 003 | DO-SdBNP | ||
| 005 | 20180130152504.0 | ||
| 007 | 0106 | ||
| 008 | 151005b1987 sp 00| 0 spa d | ||
| 020 | _a8477221081 | ||
| 040 |
_aBPMSU _bspa _cBPMSU |
||
| 092 |
_aXXXX _bXXXX |
||
| 100 | 1 | _aGaskin, Carol | |
| 240 | 1 | 0 |
_aDeath mask of Pancho Villa / _leng |
| 245 | 1 | 3 |
_aLa mascarilla del héroe / _cCarol Gaskin, George Guthridge ; ilustraciones Kenneth Huey ; traducción José Ferrer Aleu |
| 260 |
_aBarcelona : _bTimun mas, _c1987. |
||
| 300 |
_a125 p. : _bil. _c18 cm. |
||
| 490 | 1 |
_aLa maquina del tiempo _v17 |
|
| 700 | 1 | 2 | _aGuthridge, George |
| 700 | 1 | 2 |
_aFerrer Aleu, José _etrad. |
| 700 | 1 | 2 |
_aHuey, Kenneth _eil. |
| 830 | 0 |
_aLa maquina del tiempo _n17 |
|
| 910 | _a202 | ||
| 942 |
_2ddc _cBK |
||
| 945 | _aInventariado, 2018 / BT | ||
| 956 | _aYngrid Lockward | ||
| 999 |
_c8611 _d8611 |
||